Armonía.

Guardat en:
Dades bibliogràfiques
Autor principal: Motte, Dieter de la (autor)
Altres autors: Romano Haces, Luis (traductor)
Format: Llibre
Idioma:espanyol
Publicat: Madrid, España: Mundimúsica, 2007.
Col·lecció:Idea Música.
Matèries:
Etiquetes: Afegir etiqueta
Sense etiquetes, Sigues el primer a etiquetar aquest registre!

MARC

LEADER 00000nam a2200000 a 4500
001 UCI1335
003 CL-VaPUC
005 20250321101930.0
008 070629t20070000SP |||||||||||||||||spa|d
999 |c 446743  |d 446741 
020 |a 978-84-936631-3-1 
040 |c Pontificia Universidad Católica de Valparaíso 
082 0 4 |a 781.25 MOT 2007  |2 21 
100 |a Motte, Dieter de la  |e autor  |9 895730 
245 1 0 |a Armonía. 
260 |a Madrid, España:  |b Mundimúsica,  |c 2007. 
300 |a XXII, 289 páginas:  |b partituras. 
490 0 |a Idea Música. 
500 |a c.1-c.4. Instituto Arcos.08-01-2025. 
583 |a last modification  |c 20160105 01:14:49  |k Gabriela Rodríguez Cuevas 
650 0 |a Armonía  |9 306328  |x Estudio y enseñanza 
650 0 |a Lenguaje musical  |9 375249  |x Historia 
650 0 |a Acordes  |9 456861 
700 |9 895731  |a Romano Haces, Luis  |e traductor 
942 |c BK  |2 ddc  |n 0 
945 |d 20070629 00:00:00  |a rbrito 
952 |0 0  |1 0  |2 ddc  |4 0  |6 781_250000000000000_MOT_2007  |7 0  |9 599757  |a BIBINC  |b BIBINC  |c GEN  |d 2025-01-22  |e Instituto Arcos  |i 5664683  |o 781.25 MOT 2007  |p 5664683  |r 2025-01-22  |t 1  |w 2025-01-22  |y BK  |k IFP 
952 |0 0  |1 0  |2 ddc  |4 0  |6 781_250000000000000_MOT_2007  |7 0  |9 599758  |a BIBINC  |b BIBINC  |c GEN  |d 2025-01-22  |e Instituto Arcos  |i 5664684  |o 781.25 MOT 2007  |p 5664684  |r 2025-01-22  |t 2  |w 2025-01-22  |y BK  |k IFP 
952 |0 0  |1 0  |2 ddc  |4 0  |6 781_250000000000000_MOT_2007  |7 0  |9 599759  |a BIBINC  |b BIBINC  |c GEN  |d 2025-01-22  |e Instituto Arcos  |i 5664685  |o 781.25 MOT 2007  |p 5664685  |r 2025-01-22  |t 3  |w 2025-01-22  |y BK  |k IFP 
952 |0 0  |1 0  |2 ddc  |4 0  |6 781_250000000000000_MOT_2007  |7 0  |9 599760  |a BIBINC  |b BIBINC  |c GEN  |d 2025-01-22  |e Instituto Arcos  |i 5664686  |o 781.25 MOT 2007  |p 5664686  |r 2025-01-22  |t 4  |w 2025-01-22  |y BK  |k IFP